Anatomy & Physiology (Record no. 2794)

MARC details
000 -LEADER
fixed length control field 00217nam a22000857a 4500
008 - FIXED-LENGTH DATA ELEMENTS--GENERAL INFORMATION
fixed length control field 160816b xxu||||| |||| 00| 0 eng d
020 ## - INTERNATIONAL STANDARD BOOK NUMBER
International Standard Book Number 9780470646083
100 ## - MAIN ENTRY--PERSONAL NAME
9 (RLIN) 139
Personal name Tortora G
245 ## - TITLE STATEMENT
Title Anatomy & Physiology
260 ## - PUBLICATION, DISTRIBUTION, ETC. (IMPRINT)
Place of publication, distribution, etc. UK
Name of publisher, distributor, etc. John publication
Date of publication, distribution, etc. 2011
Holdings
Withdrawn status Lost status Source of classification or shelving scheme Damaged status Koha normalized classification for sorting Not for loan Home library Current library Shelving location Date acquired Total Checkouts Total Renewals Full call number Barcode Date last seen Date last checked out Price effective from Koha item type
    Dewey Decimal Classification   TOR_611_000000000000000_C5   Good Samaritan School Library Good Samaritan School Library Medical Diagnostics 08/16/2016 5 1 TOR611 C-5 TOR10901 09/20/2017 08/26/2017 08/16/2016 Reference

Powered by Koha